Situació dels treballadors autònoms a la província de Barcelona
ISBN:
8461142802
Descripción Física:
91 p. : gràfics, taules ; 24 cm
MARC
| LEADER | 00000nam a2200000Ia 4500 | ||
|---|---|---|---|
| 001 | 24163 | ||
| 008 | 160829s2006 xx 000 0 cat d | ||
| 020 | |a 8461142802 | ||
| 080 | |a Bib-162 | ||
| 100 | |a Jerez i Paredero, Cati |9 50404 | ||
| 245 | |a Situació dels treballadors autònoms a la província de Barcelona | ||
| 260 | |a Barcelona : |b A.G.I.P.R.O., |c 2006 | ||
| 300 | |a 91 p. : |b gràfics, taules ; |c 24 cm | ||
| 490 | |a Perspectives (Centre de Recerca Econòmica i Social de Catalunya) ; 6 | ||
| 590 | |a A la part inferior de la portada: UGT, CRESC, Centre de Recerca Econòmica i Social de Catalunya, CTAC, Confederació de Treballadors Autònoms de Catalunya, Diputació de Barcelona | ||
| 650 | |a Treballadors autònoms |x Situació legal, lleis, etc. |x Catalunya |9 50405 | ||
| 650 | |a Treballadors autònoms |x Catalunya |9 50406 | ||
| 700 | |a Unió General de Treballadors |9 50407 | ||
| 700 | |a Centre de Recerca Econòmica i Social de Catalunya |9 50408 | ||
| 700 | |a Confederació de Treballadors Autònoms de Catalunya I |9 50409 | ||
| 710 | 1 | |a Barcelona (Catalunya : Província). |b Diputació |9 52408 | |
| 901 | |a Arxiu | ||
| 942 | |n 1 | ||
| 952 | |0 0 |1 0 |4 0 |6 BIB162 |7 1 |9 56013 |a Arxiu |b Arxiu |d 2016-12-01 |l 0 |o Bib-162 |p 24163 |r 2016-12-01 00:00:00 |w 2016-12-01 |y ARXIU | ||
| 999 | |c 59887 |d 59887 | ||